Облучение растений светодиодными источниками света (Запись № 10867737)
[ простой вид ]
| 000 -МАРКЕР | |
|---|---|
| контрольное поле | 02442nam0a2200421 4500 |
| 001 - ИДЕНТИФИКАТОР ЗАПИСИ | |
| контрольное поле | RU\NLR\BIBL_A\011597158 |
| 005 - ИДЕНТИФИКАТОР ВЕРСИИ | |
| контрольное поле | 20260408073359.0 |
| 021 ## - НОМЕР ГОСУДАРСТВЕННОЙ РЕГИСТРАЦИИ | |
| Код страны | Российская Федерация |
| Номер | 2017-84336 |
| Номер Листа государственной регистраци | 6016 |
| 029 10 - НОМЕР ДОКУМЕНТА (нормативные и технические документы. Неопубликованные документы) | |
| Страна | Российская Федерация |
| Номер | 211-2017 |
| Тип номера документа | ПНСТ |
| 035 ## - ДРУГИЕ СИСТЕМНЫЕ НОМЕРА | |
| Идентификатор записи | (RuMoRGB)009444499 |
| 035 ## - ДРУГИЕ СИСТЕМНЫЕ НОМЕРА | |
| Идентификатор записи | (NLR Aleph) 011597158 |
| 100 ## - ДАННЫЕ ОБЩЕЙ ОБРАБОТКИ | |
| Данные общей обработки | 20180117d2017 k a0rusy50 ca |
| 101 0# - ЯЗЫК РЕСУРСА | |
| Язык текста, звукозаписи и т.д. | русский |
| 102 ## - СТРАНА ПУБЛИКАЦИИ ИЛИ ПРОИЗВОДСТВА | |
| Страна публикации | Российская Федерация |
| 105 ## - ПОЛЕ КОДИРОВАННЫХ ДАННЫХ: ТЕКСТОВЫЕ МАТЕРИАЛЫ, МОНОГРАФИЧЕСКИЕ | |
| Кодированные данные о монографическом текстовом документе | a l 000|y |
| 200 1# - ЗАГЛАВИЕ И СВЕДЕНИЯ ОБ ОТВЕТСТВЕННОСТИ | |
| Основное заглавие | Облучение растений светодиодными источниками света |
| Наименование части | Методы измерений |
| Параллельное заглавие | LED plants irradiation. Measurement methods |
| Язык параллельного заглавия | английский |
| Сведения, относящиеся к заглавию | ПНСТ 211-2017 |
| Первые сведения об ответственности | разработан Всероссийским научно-исследовательским, проектно-конструкторским светотехнический институтом им. С.И. Вавилова (ООО "ВНИСИ") |
| 205 ## - СВЕДЕНИЯ ОБ ИЗДАНИИ | |
| Сведения об издании | Изд. офиц. |
| 210 ## - ПУБЛИКАЦИЯ, РАСПРОСТРАНЕНИЕ И ДР. | |
| Место издания, распространения и т.д. | Москва |
| Имя издателя, распространителя и т. д. | Стандартинформ |
| Дата издания, распространения и т.д. | 2017 |
| 215 ## - ФИЗИЧЕСКАЯ ХАРАКТЕРИСТИКА | |
| Специфическое обозначение материала и объем | II, 9 c. |
| Другие сведения о физической характеристике | ил. |
| Размеры | 29 |
| 225 1# - СЕРИЯ | |
| Основное заглавие серии | Предварительный национальный стандарт Российской Федерации |
| Сведения об ответственности | Федеральное агентство по техническому регулированию и метрологии |
| 239 ## - ОБЛАСТЬ СПЕЦИФИЧЕСКИХ СВЕДЕНИЙ: НОРМАТИВНЫЕ И ТЕХНИЧЕСКИЕ ДОКУМЕНТЫ | |
| Сведения | Срок действия 01.12.2017 до 01.12.2020 |
| 510 1# - ПАРАЛЛЕЛЬНОЕ ЗАГЛАВИЕ | |
| Параллельное заглавие | LED plants irradiation |
| Язык заглавия | английский |
| 510 1# - ПАРАЛЛЕЛЬНОЕ ЗАГЛАВИЕ | |
| Параллельное заглавие | Measurement methods |
| Язык заглавия | английский |
| 517 1# - ДРУГИЕ ВАРИАНТЫ ЗАГЛАВИЯ | |
| Вариант заглавия | ПНСТ 211-2017 |
| 606 1# - НАИМЕНОВАНИЕ ТЕМЫ КАК ПРЕДМЕТ | |
| Наименование темы | Облучатели теплиц светодиодные |
| Формальный подзаголовок | Стандарты |
| Тематический подзаголовок | Параметры |
| -- | Измерения |
| Системный номер авторитетной/нормативной записи | 2353611 |
| Идентификатор авторитетной/нормативной записи | RU\NLR\AUTH\6601628751 |
| 610 0# - НЕКОНТРОЛИРУЕМЫЕ ПРЕДМЕТНЫЕ ТЕРМИНЫ | |
| Предметный термин | искусственное освещение |
| 610 0# - НЕКОНТРОЛИРУЕМЫЕ ПРЕДМЕТНЫЕ ТЕРМИНЫ | |
| Предметный термин | освещение теплиц |
| 610 0# - НЕКОНТРОЛИРУЕМЫЕ ПРЕДМЕТНЫЕ ТЕРМИНЫ | |
| Предметный термин | методы измерений |
| 675 ## - УНИВЕРСАЛЬНАЯ ДЕСЯТИЧНАЯ КЛАССИФИКАЦИЯ (UDC/УДК) | |
| Индекс | 621.316:006.354 |
| 686 ## - ИНДЕКСЫ ДРУГИХ КЛАССИФИКАЦИЙ | |
| Индекс | 29.140.40 |
| Издание | 2000 |
| Код системы | |
| 712 01 - НАИМЕНОВАНИЕ ОРГАНИЗАЦИИ - ВТОРИЧНАЯ ОТВЕТСТВЕННОСТЬ | |
| Код отношения | Агентство по стандартам |
| Начальный элемент ввода | Российская Федерация |
| Структурное подразделение | Федеральное агентство по техническому регулированию и метрологии |
| Системный номер авторитетной/нормативной записи | 630205 |
| Идентификатор авторитетной/нормативной записи | RU\NLR\AUTH\8810064304 |
| 712 02 - НАИМЕНОВАНИЕ ОРГАНИЗАЦИИ - ВТОРИЧНАЯ ОТВЕТСТВЕННОСТЬ | |
| Код отношения | Разработчик номерного издания |
| Начальный элемент ввода | Всероссийский научно-исследовательский, проектно-конструкторский светотехнический институт им. С. И. Вавилова |
| Системный номер авторитетной/нормативной записи | 538535 |
| Идентификатор авторитетной/нормативной записи | RU\NLR\AUTH\880437159 |
| 942 ## - ДОПОЛНИТЕЛЬНЫЕ ЭЛЕМЕНТЫ ЗАПИСИ (АБИС) | |
| Тип экземпляра АБИС | Книга |
| 980 ## - КОЛЛЕКЦИЯ | |
| Название коллекции | НБР |
Нет доступных экземпляров.